| 000 | 02652nam a2200301 i 4500 | ||
|---|---|---|---|
| 001 | 000022574 | ||
| 003 | DO-SdBNP | ||
| 005 | 20230724155224.0 | ||
| 007 | ta | ||
| 008 | 101013s2008 dr ac 001 0 spa d | ||
| 020 | _a9789945406801 | ||
| 040 |
_aDO-SdBNP _bspa _cBNPHU _erda |
||
| 049 | _aBNPD | ||
| 082 | 4 |
_a333.91 _bF727n _222 |
|
| 110 | 1 |
_aForo Nacional del Agua _d(1o. : 20-23, febrero 2007 : _cSanto Domingo, República Dominicana) _946462 |
|
| 245 | 1 | 0 |
_aPrimer foro nacional del agua en la República Dominicana / _cprólogo, Francisco T. Rodríguez |
| 264 |
_aSanto Domingo : _bInstituto Nacional de Aguas Potables y Alcantarilldos, _c2008. |
||
| 300 |
_a183 páginas : _bilustraciones, retratos; _c26 cm. |
||
| 336 |
_2rdacontent _atexto _btxt |
||
| 337 |
_2rdamedia _asin mediación _bn |
||
| 338 |
_2rdacarrier _avolumen _bnc |
||
| 505 | 2 | _aPrólogo -- Introducción-- Objetivos -- Temas y expositores -- Participantes -- Aniversario del Convenio del Programa Hidrológico Nacional (PHI) de la Organización de las Naciones Unidas para la Educación, la Ciencia y la Cultura (UNESCO) con República Dominicana -- Informe sobre el Foro Nacional del Agua -- Presentación del Foro Nacional del Agua -- Alcances y logros del Programa Hidrológico Internacional de la UNESCO -- Al agua virtual / María Concepción Donoso -- Comentarios a la ponencia sobre el agua virtual -- El valor económico del agua -- Ética y sustentabilidad ambiental en Puerto Rico / Eddie N. Laboy Nieves -- Educación para la conservación del agua y el manejo integrado de recursos hídricos en el Caribe : la GWP en acción / Kemraj Parsram -- Fondo Nacional del Agua / Pablo Lloret Zamora -- Convivencia entre tribunales de arbitraje (TPI) y el dercho de aguas: Especial referencia al principio de eficiencia, el caso argentino/ Juan Pablo Bohoslavsky -- "Gobernanza del riego" /Francisco T. Rodríguez -- Comentarios a la ponencia sobre gobernanza del riego / Marco Villamán -- Modelamiento hidrológico e hidráulico de la cuenca del Río Soliette (proyecto IILA) / Luigia Brandimarte -- Proyecto de capacitación para la defensa hidrogeológica del territorio en República Dominicana y Haití / Armando Brath -- El Plan Nacional de Recurso Hídrico de Brasil / Joao Bosco Senra -- Ponencia : los recursos hídricos en el República Dominicana : situación actual. / Eliseo González. | |
| 590 | _aInventariado, 2023/BT | ||
| 650 | 4 |
_aRecursos hidrológicos _xCongresos, conferencias, etc _946463 |
|
| 650 | 4 |
_aConservacion del agua _946464 |
|
| 650 | 4 |
_aRecursos naturales _zRepública Dominicana _xCongresos, conferencias, etc _946465 |
|
| 942 |
_2ddc _cLBS1 |
||
| 999 |
_c22071 _d22071 |
||